00499nam a22001937a 450000500170000001000150001702000260003203500140005803700130007208200080008510000170009324500590011026000360016927000220020530000210022770000160024870000230026470000180028720240103113043.0 aENG-135780 a9788181804099c325.00 aEN-119312 bDBAD/PUB a510 aParamesh, K. aGurukul Mains Mathematics/cBy K. Paramaesh [et.al...] aHyderabadbTelugu Akademic2015 bHyderabade500029 a861p.c28cm(pbk) aRao, M.R.L. aKiran, A. Karanthi aPrasad, shiva